000 00393nam a2200157Ia 4500
003 GCL
008 140319s9999 xx 000 0 eng d
040 _aGCL /
_cGCL
082 0 4 _a759
_bS V
100 1 _aSCHAPIRO, MEYER
245 1 0 _aVAN GOGH /
_cSCHAPIRO, MEYER
260 _a[S.N] :
_bTHAMES AND HUDSON ،
_c1985
300 _a128 P
650 0 4 _aPAINTERS AND PAINTINGS
942 _2ddc
_cBK
999 _c11362
_d11362